[Event "East Lansing (MI Op/6/33)"]
[Site "?"]
[Date "1995.??.??"]
[Round "?"]
[White "Arganian, David H"]
[Black "DeRyke, S."]
[Result "1-0"]
[WhiteElo "1800"]
[BlackElo "1815"]
[PlyCount "75"]
[EventDate "1995.??.??"]

{6/(33)} 1. e4 e5 2. f4 exf4 3. Nf3 Be7 4. Bc4 Bh4+ 5. Kf1 Nh6 6. d4 O-O 7.
Bxf4 Ng4 8. g3 Be7 9. Nc3 d6 10. Kg2 Be6 11. Nd5 c6 12. Nxe7+ Qxe7 13. Bd3 f5
14. exf5 Bxf5 15. Re1 Qd7 16. Re2 Bxd3 17. Qxd3 Nf6 18. Rae1 Nd5 19. Bd2 Qc8
20. c4 Nf6 21. Ng5 Nbd7 22. Bf4 h6 23. Ne6 Rf7 24. Bxd6 Nb6 25. b3 Qd7 26. Ba3
Re8 27. Nf4 Rxe2+ 28. Rxe2 Nc8 29. Ng6 Qd8 30. Re6 Ng4 31. h3 Rf2+ 32. Kg1 Rxa2
33. hxg4 Rxa3 34. c5 Ra1+ 35. Kh2 Qd5 36. Re8+ Kf7 37. Rf8+ Ke6 38. Nf4+ 1-0

[Event "East Lansing (MI Op/3/32)"]
[Site "?"]
[Date "1995.??.??"]
[Round "?"]
[White "Arganian, David H"]
[Black "Comstock, Ron"]
[Result "0-1"]
[WhiteElo "1800"]
[BlackElo "1880"]
[PlyCount "54"]
[EventDate "1995.??.??"]

{3/(32)} 1. e4 e6 2. Nf3 d5 3. exd5 exd5 4. d4 Bg4 5. h3 Bh5 6. c4 c6 7. Nc3
Nf6 8. Bg5 Bb4 9. Bd3 Bxc3+ 10. bxc3 O-O 11. O-O Nbd7 12. Bf5 Qa5 13. cxd5 Qxd5
14. g4 Bg6 15. c4 Qd6 16. Nh4 Ne4 17. Nxg6 Nxg5 18. Nxf8 Nxh3+ 19. Kh1 Qh6 20.
Kg2 Nf4+ 21. Kf3 Qh3+ 22. Kxf4 g5+ 23. Ke4 Re8+ 24. Be6 Kxf8 25. Rh1 Rxe6+ 26.
Kf5 Rf6+ 27. Ke4 Rf4# 0-1

[Event "Grand Rapids (MI Am/3/44)"]
[Site "?"]
[Date "1995.??.??"]
[Round "?"]
[White "Arenson, Kevin"]
[Black "Threloff, N."]
[Result "1/2-1/2"]
[WhiteElo "1605"]
[BlackElo "1605"]
[PlyCount "120"]
[EventDate "1995.??.??"]

{3/(44)} 1. e4 e5 2. Nf3 Nc6 3. Nc3 Nf6 4. Bc4 Nxe4 5. Nxe4 d5 6. Bxd5 Qxd5 7.
Nc3 Qd8 8. O-O Bb4 9. d3 Bxc3 10. bxc3 O-O 11. Ba3 Re8 12. Re1 Bg4 13. h3 Bh5
14. Rb1 b6 15. Re3 Qf6 16. Qd2 Qh6 17. Bc1 Rad8 18. Qe2 Qe6 19. c4 Bxf3 20.
Qxf3 Nd4 21. Qd1 f5 22. c3 f4 23. Re4 Nf5 24. Bxf4 Qd7 25. Bg5 Ne7 26. Rxe5 Ng6
27. Rxe8+ Rxe8 28. d4 Qf5 29. Be3 Nh4 30. Rc1 Qe4 31. Qg4 Qxg4 32. hxg4 Re4 33.
Bg5 Nxg2 34. f3 Re2 35. Bd8 Nf4 36. Bxc7 Nh3+ 37. Kh1 Rxa2 38. Bg3 Nf2+ 39.
Bxf2 Rxf2 40. d5 Rxf3 41. Kg2 Rf4 42. Rd1 Rxc4 43. d6 Rc8 44. Ra1 a5 45. Rb1
Rxc3 46. Rxb6 Rd3 47. Ra6 a4 48. Rxa4 Rxd6 49. Rf4 Rf6 50. Rxf6 gxf6 51. Kf3
Kg7 52. Kf4 Kg6 53. Kg3 Kg5 54. Kf3 h5 55. gxh5 Kxh5 56. Kf4 Kg6 57. Kg4 f5+
58. Kf4 Kf6 59. Kf3 Ke5 60. Ke3 f4+ 1/2-1/2

[Event "Grand Rapids (MI Am/5/41)"]
[Site "?"]
[Date "1995.??.??"]
[Round "?"]
[White "Arenson, Kevin"]
[Black "Golanski, E."]
[Result "1-0"]
[WhiteElo "1605"]
[BlackElo "1605"]
[PlyCount "119"]
[EventDate "1995.??.??"]

{5/(41)} 1. e4 a6 2. Nf3 e6 3. Nc3 Be7 4. d4 Nf6 5. Bg5 h6 6. Bxf6 Bxf6 7. Be2
O-O 8. O-O d6 9. e5 dxe5 10. dxe5 Qxd1 11. Rfxd1 Be7 12. a3 b5 13. Ne1 Bb7 14.
Bf3 Ra7 15. a4 b4 16. Ne2 a5 17. Nd4 Bxf3 18. Nexf3 Ra6 19. b3 c5 20. Nb5 f6
21. Nc7 Rc6 22. Nb5 c4 23. Nfd4 Ra6 24. Nc7 Rb6 25. Ndxe6 Rc8 26. Rd4 Na6 27.
Rxc4 Nxc7 28. Nxc7 Rb7 29. Nd5 Rxc4 30. Nxe7+ Kf7 31. bxc4 Rxe7 32. exf6 Kxf6
33. Kf1 Rb7 34. Rc1 b3 35. cxb3 Rxb3 36. c5 Rb8 37. Ke2 g5 38. Kd3 Rd8+ 39. Kc4
Ke5 40. c6 Rc8 41. Kb5 Kd6 42. Rd1+ Kc7 43. Kxa5 Kxc6 44. Rc1+ Kb7 45. Rxc8
Kxc8 46. Kb6 Kb8 47. a5 Ka8 48. a6 h5 49. Kc6 g4 50. g3 h4 51. gxh4 Kb8 52. h5
Ka7 53. h6 Kxa6 54. h7 Ka5 55. h8=Q Kb4 56. Qd4+ Kb3 57. Kc5 Kc2 58. Kc4 Kc1
59. Kb3 Kb1 60. Qb2# 1-0

[Event "Grand Rapids (MI Am/2/29)"]
[Site "?"]
[Date "1995.??.??"]
[Round "?"]
[White "Arenson, Kevin"]
[Black "Friedland, J."]
[Result "0-1"]
[WhiteElo "1605"]
[BlackElo "1605"]
[PlyCount "116"]
[EventDate "1995.??.??"]

{2/(29)} 1. e4 e5 2. Nf3 Nc6 3. Nc3 Nf6 4. Bc4 Bc5 5. O-O O-O 6. d3 h6 7. Be3
Bb6 8. Qd2 Bxe3 9. fxe3 b6 10. d4 d6 11. dxe5 dxe5 12. Rad1 Bb7 13. Bd5 Re8 14.
b4 Rb8 15. a3 Ne7 16. Nxe5 Nexd5 17. Nxf7 Kxf7 18. exd5 Kg8 19. Rfe1 Qd6 20.
Qd3 Ng4 21. g3 Ne5 22. Qe2 c6 23. Ne4 Qg6 24. Nc3 Qf7 25. Rf1 Qd7 26. e4 cxd5
27. Nxd5 Bxd5 28. Rxd5 Qb7 29. Rf5 Ng6 30. Qc4 Rbc8 31. Rd7+ Rxc4 32. Rxb7 Re7
33. Rxe7 Nxe7 34. Re5 Kf7 35. h4 Rxc2 36. g4 Ra2 37. g5 hxg5 38. hxg5 Rxa3 39.
Kf2 a5 40. bxa5 Rxa5 41. Rxa5 bxa5 42. Ke3 a4 43. Kd3 Ke6 44. Kc3 a3 45. Kb3
Ke5 46. Kxa3 Kxe4 47. Kb3 Kf5 48. g6 Nxg6 49. Kc3 Ke4 50. Kd2 Nf4 51. Ke1 Kf3
52. Kf1 g5 53. Kg1 g4 54. Kh2 Nd3 55. Kg1 g3 56. Kf1 g2+ 57. Kg1 Nb4 58. Kh2
Kf2 0-1

[Event "Troy (TCC/3/1)"]
[Site "?"]
[Date "1995.??.??"]
[Round "?"]
[White "Antonio, R."]
[Black "Tsemekhman, Vadim"]
[Result "1/2-1/2"]
[WhiteElo "2495"]
[BlackElo "2470"]
[PlyCount "31"]
[EventDate "1995.??.??"]

{3/(1)} 1. e4 e6 2. d4 d5 3. exd5 exd5 4. Bd3 Bd6 5. Ne2 Ne7 6. O-O O-O 7. c4
dxc4 8. Bxc4 Bf5 9. Nbc3 Nbc6 10. Be3 Na5 11. Bd3 Bxd3 12. Qxd3 Nac6 13. a3 Qd7
14. Rac1 Qf5 15. Qxf5 Nxf5 16. Nb5 1/2-1/2

[Event "Troy (TCC/4/1)"]
[Site "?"]
[Date "1995.??.??"]
[Round "?"]
[White "Antonio, R."]
[Black "Brooks, John"]
[Result "1-0"]
[WhiteElo "2495"]
[BlackElo "2185"]
[PlyCount "111"]
[EventDate "1995.??.??"]

{4/(1)} 1. e4 c5 2. c3 d5 3. exd5 Qxd5 4. d4 cxd4 5. cxd4 Nc6 6. Nf3 e5 7. Nc3
Bb4 8. Bd2 Bxc3 9. Bxc3 e4 10. Ne5 Nxe5 11. dxe5 Ne7 12. Qa4+ Bd7 13. Qa3 e3
14. f3 Qc6 15. Bd3 Qe6 16. O-O O-O 17. Rfe1 Rfe8 18. Kh1 Rec8 19. Rxe3 Nd5 20.
Ree1 Nxc3 21. bxc3 Rc6 22. Rad1 Be8 23. Be4 Ra6 24. Qb3 Rb6 25. Qc2 g6 26. Bd5
Qe7 27. Qd2 Ba4 28. Rc1 Rd8 29. c4 Bc6 30. Rcd1 Kg7 31. Qc3 Kg8 32. h3 Rc8 33.
Qd4 Ba4 34. Rd2 Be8 35. Qf4 Kg7 36. Kh2 Rc7 37. Red1 Rc5 38. Qd4 Kg8 39. f4 Qc7
40. Re1 Qe7 41. Rf1 Rc7 42. f5 gxf5 43. Rxf5 Rg6 44. Rdf2 b6 45. Qf4 Kg7 46.
Rf6 a6 47. h4 h6 48. Rf3 h5 49. Rg3 b5 50. Rg5 Rxc4 51. Bxc4 bxc4 52. Rgxg6+
fxg6 53. Rxa6 Qb7 54. Qf6+ Kh7 55. Re6 Bf7 56. Re7 1-0

[Event "Lansing (Mini-Swiss.2/1)"]
[Site "?"]
[Date "1995.??.??"]
[Round "?"]
[White "Anthony, James"]
[Black "Sundeen, David"]
[Result "1-0"]
[WhiteElo "1605"]
[BlackElo "1700"]
[PlyCount "77"]
[EventDate "1995.??.??"]

{2/(1)} 1. e4 e5 2. Bc4 Nf6 3. d3 c6 4. Qe2 Bc5 5. Be3 Bxe3 6. Qxe3 O-O 7. Nf3
d5 8. Bb3 Qd6 9. h3 Be6 10. Nbd2 Nbd7 11. O-O d4 12. Qe2 Bxb3 13. axb3 Nh5 14.
Nh4 Qh6 15. Nf5 Qg5 16. h4 Nf4 17. Qf3 Qh5 18. g4 Qxf5 19. exf5 Kh8 20. Nc4 Nd5
21. Rae1 f6 22. g5 Nb4 23. Re2 Nd5 24. Kh2 Nc5 25. gxf6 gxf6 26. Rg1 Nf4 27.
Ree1 a5 28. Ra1 a4 29. bxa4 Nxa4 30. b3 b5 31. bxa4 bxc4 32. dxc4 Rg8 33. Qxc6
Nh5 34. Rxg8+ Rxg8 35. a5 Rg4 36. Qe8+ Kg7 37. Rg1 Rxg1 38. Kxg1 Nf4 39. a6 1-0

[Event "Lansing (Mini-Swiss.2/2)"]
[Site "?"]
[Date "1995.??.??"]
[Round "?"]
[White "Anthony, James"]
[Black "Pulsipher, D."]
[Result "0-1"]
[WhiteElo "1605"]
[BlackElo "1745"]
[PlyCount "144"]
[EventDate "1995.??.??"]

{2/(2)} 1. e4 c5 2. Bc4 Nc6 3. c3 Nf6 4. d3 g6 5. Be3 d6 6. Nf3 Bg7 7. Nbd2 O-O
8. h3 Bd7 9. Bb3 b5 10. O-O Qc7 11. Bc2 b4 12. d4 bxc3 13. bxc3 cxd4 14. cxd4
Rab8 15. Nb3 Rbc8 16. Rc1 Qb7 17. Qd2 Nb4 18. Bb1 Ba4 19. Rxc8 Rxc8 20. d5 Bxb3
21. axb3 a5 22. Rc1 Nd7 23. Rxc8+ Qxc8 24. Nd4 Nc5 25. Qc3 Qa6 26. Qd2 Bxd4 27.
Qxd4 Nxb3 28. Qc3 Nc5 29. Bh6 f6 30. Be3 Qe2 31. Qd2 Qxd2 32. Bxd2 Kf7 33. Kf1
e6 34. Bxb4 axb4 35. dxe6+ Kxe6 36. Ke2 d5 37. exd5+ Kxd5 38. Kd2 Kd4 39. f3 b3
40. h4 f5 41. h5 Na4 42. hxg6 hxg6 43. g4 fxg4 44. fxg4 g5 45. Bf5 Nc3 46. Kc1
Kc4 47. Kb2 Kb4 48. Bg6 Na4+ 49. Kc1 Kc3 50. Kb1 Nc5 51. Ka1 Nd3 52. Kb1 Ne1
53. Bf5 Nf3 54. Ka1 Nd2 55. Bg6 b2+ 56. Ka2 b1=Q+ 57. Bxb1 Nxb1 58. Kxb1 Kd2
59. Kb2 Ke3 60. Kc3 Kf4 61. Kd2 Kxg4 62. Ke2 Kg3 63. Kf1 Kh2 64. Kf2 g4 65. Kf1
g3 66. Ke2 g2 67. Kf2 g1=Q+ 68. Ke2 Qg3 69. Kf1 Qg2+ 70. Ke1 Qa2 71. Kf1 Kg3
72. Ke1 Kf3 0-1

[Event "Lansing (Mini-Swiss.2/1)"]
[Site "?"]
[Date "1995.??.??"]
[Round "?"]
[White "Anthony, James"]
[Black "Pulsipher, D."]
[Result "1-0"]
[WhiteElo "1605"]
[BlackElo "1735"]
[PlyCount "122"]
[EventDate "1995.??.??"]

{2/(1)} 1. e4 c5 2. Nf3 d6 3. Nc3 Nc6 4. Be2 g6 5. O-O Bg7 6. Bc4 Nf6 7. d3 O-O
8. Re1 Na5 9. Bg5 Nxc4 10. dxc4 h6 11. Be3 Be6 12. Qd3 Qb6 13. Rab1 Qa6 14. b3
Kh7 15. a4 Ng4 16. Nb5 Qc6 17. Bf4 a6 18. Nc3 Rad8 19. Nd5 Bxd5 20. cxd5 Qd7
21. c4 e6 22. Rbd1 e5 23. h3 Nxf2 24. Kxf2 exf4 25. e5 dxe5 26. Nxe5 Qd6 27.
Nf3 Rfe8 28. Re4 f5 29. Re2 Qd7 30. Rde1 Rxe2+ 31. Qxe2 Bc3 32. Qe7+ Kh8 33.
Qxd7 Rxd7 34. Ne5 Rg7 35. Re2 Kh7 36. d6 Rg8 37. Nf7 Kg7 38. Re7 Bf6 39. Rxb7
Re8 40. d7 Ra8 41. Nd6 Kf8 42. Nf7 h5 43. Rc7 Rb8 44. Rc8+ Kxf7 45. Rxb8 g5 46.
d8=Q Bxd8 47. Rxd8 g4 48. h4 Ke6 49. Rh8 Ke5 50. Rxh5 Ke4 51. Rg5 f3 52. gxf3+
Kf4 53. Rg8 gxf3 54. h5 Ke5 55. h6 Kd4 56. h7 Kc3 57. Rb8 a5 58. h8=Q+ Kc2 59.
Kxf3 f4 60. Qa1 Kd3 61. Rd8+ Kc2 {1-0, ??.} 1-0

[Event "Lansing (Mini-Swiss.2/3)"]
[Site "?"]
[Date "1995.??.??"]
[Round "?"]
[White "Anthony, James"]
[Black "Bacon, K."]
[Result "1-0"]
[WhiteElo "1605"]
[BlackElo "1605"]
[PlyCount "67"]
[EventDate "1995.??.??"]

{2/(3)} 1. e4 c6 2. d4 d5 3. e5 Bf5 4. Nf3 h6 5. Bd3 Bxd3 6. Qxd3 e6 7. Bd2 Nd7
8. b4 b5 9. O-O Ne7 10. c3 Ng6 11. a4 a6 12. Be3 Be7 13. Nbd2 O-O 14. Ne1 Nb6
15. axb5 axb5 16. Nc2 Qc7 17. f4 Nh4 18. Bf2 f5 19. Qh3 Ng6 20. Be3 Na4 21. Ra3
Ra6 22. Qh5 Nh8 23. Rf3 Qc8 24. Rg3 Qe8 25. Qxh6 Ng6 26. Qxg6 Qxg6 27. Rxg6 Kf7
28. Rg3 Rfa8 29. Bf2 Nb2 30. Rxa6 Rxa6 31. Kf1 Ra2 32. Ne1 Nd1 33. Rd3 Rc2 34.
Nxc2 1-0

[Event "East Lansing (MOR/3/27)"]
[Site "?"]
[Date "1995.??.??"]
[Round "?"]
[White "Andreas, L."]
[Black "Wright, Walter"]
[Result "0-1"]
[WhiteElo "1605"]
[BlackElo "1605"]
[PlyCount "101"]
[EventDate "1995.??.??"]

{3/(27)} 1. d4 Nf6 2. Nf3 e6 3. Bf4 d6 4. Nbd2 Nbd7 5. e4 h6 6. h3 Be7 7. Bd3
c5 8. c3 Qc7 9. O-O O-O 10. Rc1 e5 11. Bh2 a6 12. Nc4 b5 13. Ne3 c4 14. Bc2 Bb7
15. Nf5 Bd8 16. dxe5 dxe5 17. Nd6 Nc5 18. Nxb7 Qxb7 19. Nxe5 Ncxe4 20. Qf3 Ra7
21. Rfe1 Ng5 22. Qc6 Bc7 23. Qxb7 Rxb7 24. Rcd1 Re8 25. Ng4 Bxh2+ 26. Kxh2
Nxg4+ 27. hxg4 Ne6 28. f4 Rbb8 29. f5 Nf4 30. Rf1 Re2 31. Rxf4 Rxc2 32. Rd7 Re8
33. f6 g6 34. Re7 Re2 35. Rxe8+ Rxe8 36. Kh3 g5 37. Rf5 Kh7 38. Kg3 Kg6 39. Kf3
Re6 40. g3 Rxf6 41. Rxf6+ Kxf6 42. Ke4 Ke6 43. Kd4 f5 44. b3 cxb3 45. axb3 fxg4
46. c4 bxc4 47. bxc4 a5 48. c5 a4 49. c6 Kd6 50. c7 Kxc7 51. Kc3 0-1

[Event "Lansing (Mini-Swiss.3/2)"]
[Site "?"]
[Date "1995.??.??"]
[Round "?"]
[White "Andreas, L."]
[Black "Mitchell, Dave"]
[Result "0-1"]
[WhiteElo "1605"]
[BlackElo "1605"]
[PlyCount "122"]
[EventDate "1995.??.??"]

{3/(2)} 1. d4 Nf6 2. Nf3 d5 3. h3 Bf5 4. Bf4 Nbd7 5. Nbd2 e6 6. e3 Rc8 7. c3 c5
8. Qb3 cxd4 9. Nxd4 Bg6 10. N2f3 Nc5 11. Bb5+ Nfd7 12. Bxd7+ Qxd7 13. Qb5 Nd3+
14. Ke2 Nxf4+ 15. exf4 Qxb5+ 16. Nxb5 a6 17. Nbd4 Be7 18. Rhe1 O-O 19. Ne5 Bd6
20. Nxg6 hxg6 21. g3 b5 22. a4 b4 23. Rac1 bxc3 24. Rxc3 Bb4 25. Rxc8 Rxc8 26.
Rd1 Rc4 27. b3 Rc3 28. Rd3 Rc1 29. Rd1 Rc3 30. Rd3 Rc1 31. Nf3 Rc2+ 32. Nd2 Kf8
33. Rd4 a5 34. Kd1 Rc3 35. Ke2 Bc5 36. Rd3 Rxd3 37. Kxd3 Bxf2 38. g4 Bg3 39.
Ke3 f6 40. Nf3 Ke7 41. g5 e5 42. fxe5 fxe5 43. Nd2 Bf4+ 44. Ke2 Bxd2 45. Kxd2
e4 46. Ke3 Ke6 47. Kd4 Kd6 48. b4 axb4 49. a5 b3 50. Kc3 e3 51. a6 e2 52. a7
e1=Q+ 53. Kxb3 Qa5 54. h4 Qxa7 55. Kc3 Ke5 56. h5 gxh5 57. g6 Qa3+ 58. Kc2 Ke4
59. Kd2 Qb2+ 60. Kd1 Ke3 61. Ke1 Qe2# 0-1

[Event "Lansing (Mini-Swiss.3/2)"]
[Site "?"]
[Date "1995.??.??"]
[Round "?"]
[White "Andreas, L."]
[Black "Mitchell, Dave"]
[Result "1-0"]
[WhiteElo "1605"]
[BlackElo "1605"]
[PlyCount "57"]
[EventDate "1995.??.??"]

{3/(2)} 1. d4 d5 2. Bf4 Nf6 3. h3 Bf5 4. Nf3 c6 5. Nbd2 e6 6. e3 Nbd7 7. Nh4
Bb4 8. Nxf5 exf5 9. c3 Ba5 10. Bd3 g6 11. O-O Bc7 12. Bxc7 Qxc7 13. f3 O-O-O
14. Qa4 Kb8 15. b4 Qg3 16. Rfe1 Rhe8 17. Nf1 Qh4 18. c4 Nb6 19. Qb3 Nxc4 20.
Bxc4 dxc4 21. Qxc4 Nd5 22. Rad1 h5 23. b5 cxb5 24. Qc5 g5 25. e4 fxe4 26. Ne3
exf3 27. Nxd5 f2+ 28. Kh2 Rxe1 29. Qc7+ 1-0

[Event "East Lansing (MOR/7/33)"]
[Site "?"]
[Date "1995.??.??"]
[Round "?"]
[White "Andreas, L."]
[Black "Key_Smith, G."]
[Result "0-1"]
[WhiteElo "1605"]
[BlackElo "1730"]
[PlyCount "58"]
[EventDate "1995.??.??"]

{7/(33)} 1. d4 Nf6 2. Nf3 g6 3. Bf4 Bg7 4. Nbd2 Nh5 5. Bg3 d6 6. e4 Nxg3 7.
hxg3 Bg4 8. Bd3 Bxd4 9. c3 Bg7 10. Qc2 e5 11. O-O-O Nd7 12. Nc4 Nc5 13. Be2 Be6
14. Kb1 Nxe4 15. Qa4+ Bd7 16. Nxd6+ cxd6 17. Qxe4 Bf5 18. Qxf5 gxf5 19. Bb5+
Ke7 20. Nh4 Kf6 21. Rd5 Qb6 22. f4 Rhd8 23. fxe5+ dxe5 24. Rhd1 Rxd5 25. Rxd5
Ke6 26. Bc4 Kf6 27. Bd3 Rd8 28. Rb5 Qg1+ 29. Kc2 Qf2+ 0-1

[Event "East Lansing (Class DE/2/20)"]
[Site "?"]
[Date "1995.??.??"]
[Round "?"]
[White "Andreas, L."]
[Black "Kenworthy, Mark"]
[Result "0-1"]
[WhiteElo "1605"]
[BlackElo "1605"]
[PlyCount "96"]
[EventDate "1995.??.??"]

{2/(20)} 1. d4 d5 2. Nf3 Bg4 3. e3 Nc6 4. Be2 Bxf3 5. Bxf3 e5 6. dxe5 Nxe5 7.
Bxd5 Nf6 8. Nc3 Nxd5 9. Qxd5 Qxd5 10. Nxd5 O-O-O 11. Nc3 Nc4 12. O-O Bb4 13.
Ne4 h6 14. c3 Ba5 15. b3 Nd6 16. Nxd6+ Rxd6 17. Bb2 Rd3 18. b4 Rd2 19. Rab1 Bb6
20. c4 c5 21. Bxg7 Rhd8 22. Bxh6 Rxa2 23. bxc5 Bxc5 24. g3 Rdd2 25. Rbd1 Rdc2
26. Rc1 Rd2 27. Bg5 b6 28. Rcd1 Rdc2 29. Rd8+ Kc7 30. Rf8 Bxf8 31. Bf4+ Bd6 32.
Kg2 Bxf4 33. exf4 Rxc4 34. h4 b5 35. h5 Ra6 36. Kh3 b4 37. Re1 b3 38. Re7+ Kd8
39. Rxf7 b2 40. Rf8+ Kc7 41. Rb8 Rb6 42. Rxb6 axb6 43. h6 b1=Q 44. Kg4 Qg6+ 45.
Kf3 Qxh6 46. Kg2 Rc1 47. Kf3 Qh5+ 48. Kg2 Qh1# 0-1

[Event "East Lansing (MOR/5/44)"]
[Site "?"]
[Date "1995.??.??"]
[Round "?"]
[White "Andreas, L."]
[Black "Choate, Eric"]
[Result "1-0"]
[WhiteElo "1605"]
[BlackElo "1605"]
[PlyCount "65"]
[EventDate "1995.??.??"]

{5/(44)} 1. d4 d5 2. Bf4 e6 3. Nf3 Nf6 4. h3 Be7 5. e3 Nc6 6. Bd3 O-O 7. O-O
Nh5 8. Bh2 h6 9. Nbd2 Bd6 10. Ne5 Qg5 11. f4 Qh4 12. Ndf3 Qe7 13. Ng5 Nf6 14.
Ngf3 Nb4 15. Bg6 Re8 16. Bxf7+ Kf8 17. Ng6+ Kxf7 18. Nxe7 Rxe7 19. Ne5+ Kg8 20.
c3 Nc6 21. Ng6 Rf7 22. Ne5 Rf8 23. Qe1 Ne4 24. g4 Ne7 25. Rc1 Bd7 26. Nxd7 Rfd8
27. Ne5 Rf8 28. Rc2 Rf6 29. Rg2 Re8 30. g5 Rff8 31. gxh6 Kh7 32. hxg7 Rg8 33.
Qh4# 1-0

[Event "East Lansing (Class DE/4/16)"]
[Site "?"]
[Date "1995.??.??"]
[Round "?"]
[White "Andreas, L."]
[Black "Aldrich, Justin"]
[Result "0-1"]
[WhiteElo "1605"]
[BlackElo "1605"]
[PlyCount "88"]
[EventDate "1995.??.??"]

{4/(16)} 1. d4 d5 2. Bf4 Nf6 3. h3 Bf5 4. Nf3 Nc6 5. e3 a6 6. Bd3 Bxd3 7. Qxd3
e6 8. a3 Ne4 9. Nc3 Nxc3 10. bxc3 Bd6 11. Ne5 Nxe5 12. dxe5 Be7 13. c4 c6 14.
O-O Bg5 15. cxd5 Bxf4 16. exf4 Qxd5 17. Qg3 O-O 18. Rfd1 Qc5 19. c3 Rfd8 20. h4
Rxd1+ 21. Rxd1 Qxa3 22. Qg5 Qa5 23. h5 h6 24. Qe7 Rb8 25. Rd7 Rf8 26. Rxb7 Qxc3
27. g3 Qc2 28. Rd7 Qf5 29. Rd8 Rxd8 30. Qxd8+ Kh7 31. Qd6 Qxh5 32. Qxc6 Qd1+
33. Kh2 a5 34. Qe4+ g6 35. Qb7 Kg7 36. Qe7 a4 37. Qf6+ Kf8 38. Qh8+ Ke7 39.
Qxh6 Qh5+ 40. Qxh5 gxh5 41. Kh3 a3 42. Kh4 a2 43. Kxh5 a1=Q 44. Kg5 Qe1 0-1

[Event "East Lansing (MOR/5/45)"]
[Site "?"]
[Date "1995.??.??"]
[Round "?"]
[White "Anderson, JE."]
[Black "Renauer, D."]
[Result "1-0"]
[WhiteElo "1605"]
[BlackElo "1605"]
[PlyCount "81"]
[EventDate "1995.??.??"]

{5/(45)} 1. d4 Nf6 2. c4 e6 3. a3 d5 4. Nc3 Nc6 5. cxd5 exd5 6. Bg5 Be7 7. Nf3
Bf5 8. e3 O-O 9. Nh4 Ne4 10. Bxe7 Qxe7 11. Nxf5 Qf6 12. Qg4 Qg5 13. Qxg5 Nxg5
14. Bd3 Rfe8 15. O-O Rad8 16. Rfe1 Re6 17. h4 Ne4 18. Rac1 Rde8 19. Nxe4 dxe4
20. Bb5 Rf6 21. Rc5 Ree6 22. Ng3 Rh6 23. Nh5 g6 24. Nf4 Rd6 25. g3 Nxd4 26.
exd4 Rxd4 27. Rec1 Rd2 28. R5c2 Rd4 29. Rxc7 e3 30. Bc4 exf2+ 31. Kxf2 g5 32.
Bxf7+ Kg7 33. Ne6+ Rxe6 34. Bxe6+ Kf6 35. Re1 gxh4 36. Rf7+ Kg6 37. gxh4 Rd2+
38. Kf3 Rxb2 39. Re5 Rh2 40. Rg5+ Kh6 41. Rf6# 1-0

[Event "East Lansing (MOR/2/42)"]
[Site "?"]
[Date "1995.??.??"]
[Round "?"]
[White "Anderson, JE."]
[Black "Davis, Ralph"]
[Result "0-1"]
[WhiteElo "1605"]
[BlackElo "1605"]
[PlyCount "100"]
[EventDate "1995.??.??"]

{2/(42)} 1. d4 Nf6 2. c4 e6 3. Nc3 Bb4 4. Nf3 c5 5. Bd2 O-O 6. a3 Bxc3 7. Bxc3
b6 8. e3 Bb7 9. Bd3 d5 10. dxc5 bxc5 11. O-O h6 12. Bc2 Ne4 13. Bxe4 dxe4 14.
Nd2 Nd7 15. Qe2 Qg5 16. Rfc1 Nb6 17. a4 Bc6 18. b3 e5 19. Nb1 Bd7 20. Kh1 Bg4
21. f3 exf3 22. gxf3 Bh5 23. Rg1 Qf6 24. Nd2 Nd7 25. Qg2 g6 26. Raf1 Qc6 27.
Ne4 Rab8 28. Qb2 Bxf3+ 29. Rxf3 Qxe4 30. Rgg3 h5 31. Qg2 Rxb3 32. Qh3 Rb1+ 33.
Kg2 Nf6 34. Qf5 Qxf5 35. Rxf5 Ne4 36. Rf1 Rxf1 37. Kxf1 Nxc3 38. Kf2 Nxa4 39.
Kf3 Nb6 40. Ke4 Nxc4 41. Kd5 Nd2 42. Kxe5 a5 43. Rg2 Re8+ 44. Kd5 c4 45. Rxd2
Rd8+ 46. Kxc4 Rxd2 47. Kb5 Rd5+ 48. Kc4 Re5 49. Kd4 Rb5 50. Kc4 Rb8 0-1

[Event "Lansing (Mini-Swiss.2/2)"]
[Site "?"]
[Date "1995.??.??"]
[Round "?"]
[White "Anderson, Gale"]
[Black "Spencer, Gordon"]
[Result "1-0"]
[WhiteElo "1750"]
[BlackElo "1605"]
[PlyCount "95"]
[EventDate "1995.??.??"]

{2/(2)} 1. e4 c6 2. Nc3 d5 3. e5 Bf5 4. Nf3 h6 5. d4 e6 6. Bd3 g6 7. Be3 Ne7 8.
a3 Nd7 9. Be2 g5 10. h3 Bg7 11. g4 Bg6 12. Nd2 f5 13. f4 fxg4 14. hxg4 gxf4 15.
Bxf4 Nf8 16. Nf3 Kd7 17. Qd2 h5 18. Ng5 hxg4 19. Rxh8 Bxh8 20. Bxg4 Nf5 21.
O-O-O Qb6 22. Na4 Qb5 23. Nc5+ Ke7 24. Qf2 Qb6 25. Bd2 Qc7 26. Bb4 Ke8 27.
Ncxe6 Nxe6 28. Nxe6 Qf7 29. Rh1 Kd7 30. Nc5+ Kc7 31. Rf1 b6 32. Bxf5 bxc5 33.
Bxc5 Rg8 34. b4 Bh5 35. Qh2 Kb7 36. a4 Bg7 37. Bd3 Bh6+ 38. Kb2 Qe8 39. a5 Bg7
40. Qh4 Bxe5 41. dxe5 Qxe5+ 42. Qd4 Qe6 43. Bxa7 Ka8 44. Bc5 Rb8 45. Qf6 Qd7
46. Rg1 Qc7 47. Rg7 Qxa5 48. Qxc6+ 1-0

[Event "Jackson (Prison m)"]
[Site "?"]
[Date "1995.??.??"]
[Round "?"]
[White "Anderson, B."]
[Black "Lang, J."]
[Result "1/2-1/2"]
[WhiteElo "1605"]
[BlackElo "2000"]
[PlyCount "84"]
[EventDate "1995.??.??"]

1. e4 c5 2. Nf3 e6 3. Nc3 Nc6 4. Bb5 Nge7 5. d3 Qc7 6. Be3 b6 7. Qd2 Bb7 8. Bf4
d6 9. d4 Ng6 10. Bg3 a6 11. Bxc6+ Qxc6 12. d5 Qd7 13. O-O e5 14. Nh4 Be7 15.
Nxg6 hxg6 16. f4 Rh5 17. a3 f6 18. fxe5 dxe5 19. Ne2 Bd6 20. c4 Qa4 21. Qc3 Ke7
22. b3 Qd7 23. b4 Rah8 24. Rab1 Bc8 25. Qd3 f5 26. exf5 gxf5 27. Rfe1 Kf7 28.
h3 g5 29. Bf2 f4 30. bxc5 bxc5 31. Nc3 g4 32. Ne4 gxh3 33. gxh3 Rg8+ 34. Kf1
Rxh3 35. Nxd6+ Qxd6 36. Qe4 Kf6 37. Bxc5 Qxc5 38. Qxe5+ Kg6 39. Qxf4 Rf8 40.
Rb6+ Kh7 41. Rf6 Rxf6 42. Qxf6 Qxc4+ 1/2-1/2

[Event "Troy (TCC Res/5/6)"]
[Site "?"]
[Date "1995.??.??"]
[Round "?"]
[White "Alliston, Richard"]
[Black "Stemmler, Daniel"]
[Result "0-1"]
[WhiteElo "1605"]
[BlackElo "1690"]
[PlyCount "114"]
[EventDate "1995.??.??"]

{5/(6)} 1. g3 c6 2. Bg2 d5 3. e4 g6 4. d4 dxe4 5. Bxe4 Bg7 6. Be3 Nf6 7. Bf3
O-O 8. Ne2 Ng4 9. O-O Nxe3 10. fxe3 Qb6 11. Qc1 e5 12. c3 Re8 13. Nd2 exd4 14.
exd4 Bh3 15. Re1 Nd7 16. Nc4 Qc7 17. Qf4 Qb8 18. d5 cxd5 19. Bxd5 Be6 20. Bf3
Qxf4 21. Nxf4 Bxc4 22. Nd5 Rxe1+ 23. Rxe1 Bxd5 24. Bxd5 Nf6 25. Bxb7 Rb8 26.
Re7 Kf8 27. Rc7 Ne8 28. Rd7 Nf6 29. Rc7 Bh6 30. Rc8+ Rxc8 31. Bxc8 Ke7 32. Bb7
Kd6 33. Kf1 Ng4 34. h3 Ne3+ 35. Ke2 Nc4 36. b3 Ne5 37. c4 f6 38. Bd5 Bg7 39. b4
h6 40. a3 g5 41. Kd2 f5 42. Kc2 f4 43. gxf4 gxf4 44. Kb3 f3 45. Ka4 f2 46. Bg2
Nxc4 47. Bf1 Ne3 48. Be2 f1=Q 49. Bxf1 Nxf1 50. Kb5 h5 51. a4 h4 52. a5 Nd2 53.
Ka6 Bd4 54. b5 Ne4 55. b6 Bxb6 56. axb6 axb6 57. Kxb6 Nf2 0-1

[Event "East Lansing (Class C/4/8)"]
[Site "?"]
[Date "1995.??.??"]
[Round "?"]
[White "Alliston, Richard"]
[Black "Smith, Lester"]
[Result "0-1"]
[WhiteElo "1605"]
[BlackElo "1605"]
[PlyCount "98"]
[EventDate "1995.??.??"]

{4/(8)} 1. d4 c5 2. c4 cxd4 3. Qxd4 Nc6 4. Qd1 e5 5. Nc3 Bb4 6. Bd2 Nf6 7. e3
Qa5 8. a3 Bxc3 9. Bxc3 Qb6 10. Qd6 Ne4 11. Qd3 Nxc3 12. Qxc3 O-O 13. Bd3 d6 14.
Ne2 Be6 15. O-O Rac8 16. Rac1 Bg4 17. Ng3 Rfd8 18. h3 Be6 19. b4 Qc7 20. Qc2 g6
21. Ne4 Ne7 22. Rfd1 b6 23. Qb2 Qb7 24. Kf1 Bxc4 25. f3 Bxd3+ 26. Rxd3 Rxc1+
27. Qxc1 Qa6 28. Qd2 f5 29. Ng5 Qc4 30. Kf2 h6 31. Rc3 Qh4+ 32. g3 Qxg5 33. h4
Qf6 34. Rc7 Ra8 35. Rxe7 Qxe7 36. Qd5+ Kg7 37. Qxa8 Qc7 38. Qd5 Qc2+ 39. Ke1
Qc1+ 40. Ke2 Qb2+ 41. Ke1 Qxa3 42. Qxd6 Qxe3+ 43. Kd1 Qd4+ 44. Qxd4 exd4 45.
Kd2 Kf6 46. Kd3 Ke5 47. b5 Kd5 48. g4 fxg4 49. fxg4 g5 0-1

[Event "Ann Arbor (HVA/5/5)"]
[Site "?"]
[Date "1995.??.??"]
[Round "?"]
[White "Alliston, Richard"]
[Black "Skidmore, Jennifer"]
[Result "0-1"]
[WhiteElo "1605"]
[BlackElo "1900"]
[PlyCount "114"]
[EventDate "1995.??.??"]

{5/(5)} 1. d4 d5 2. c4 e6 3. Nc3 c6 4. e3 Nf6 5. Nf3 Bb4 6. Qc2 Nbd7 7. Bd3 O-O
8. O-O b6 9. cxd5 cxd5 10. Bd2 Bb7 11. Rac1 Rc8 12. Qb3 Bxc3 13. Rxc3 Qe7 14.
Rfc1 e5 15. dxe5 Nxe5 16. Nxe5 Qxe5 17. Rxc8 Bxc8 18. Bc3 Qg5 19. Bxf6 Qxf6 20.
Rc7 Be6 21. Qc2 g6 22. Rxa7 Qg5 23. a4 Bh3 24. Bf1 Bf5 25. Qc3 Rc8 26. Rc7 Re8
27. Qc6 Rb8 28. Qxd5 Qf6 29. b4 Rd8 30. Qf3 Qd6 31. Rc4 Qd1 32. Qxd1 Rxd1 33.
Rd4 Rb1 34. a5 bxa5 35. bxa5 Kf8 36. g4 Be6 37. Kg2 Ke7 38. h3 Bc8 39. Ra4 Bb7+
40. Kg1 Ba6 41. Kg2 Rxf1 42. Rb4 Ra1 43. Re4+ Kd6 44. Rf4 Ke6 45. g5 Rxa5 46.
h4 Bb7+ 47. Kg3 Ra1 48. Kh2 Bd5 49. Rf6+ Ke5 50. Rf4 Rc1 51. Kg3 Be6 52. Kg2
Rc4 53. Kg3 Rxf4 54. exf4+ Ke4 55. f5 Kxf5 56. f3 Bd5 57. f4 Be4 0-1